Les Biblioteques populars de la Mancomunitat de Catalunya (1915 - 1925) / Teresa Mañà Terré
ISBN:
978-84-9779-519-7
Descripción Física:
316 p. : fot., taules ; 24 cm
Colección:
Materials per a la biblioteca pública ; 5
MARC
| LEADER | 00000nam a2200000Ia 4500 | ||
|---|---|---|---|
| 001 | 19422 | ||
| 008 | 160829s2007 xx 000 0 cat d | ||
| 020 | |a 978-84-9779-519-7 | ||
| 080 | |a A-2-296 | ||
| 100 | 1 | |a Mañà, Teresa |9 40088 | |
| 245 | |a Les Biblioteques populars de la Mancomunitat de Catalunya (1915 - 1925) / Teresa Mañà Terré | ||
| 260 | |a Lleida : |b Pagès editors : |b Diputació de Barcelona, |c 2007 | ||
| 300 | |a 316 p. : |b fot., taules ; |c 24 cm | ||
| 490 | |a Materials per a la biblioteca pública ; 5 | ||
| 590 | |a Tesi doctoral dirigida per Ernest Abadal Falgueras, Universitat de Barcelona, Departament de Biblioteconomia i Documentació. | ||
| 590 | |a Bibliografia. | ||
| 590 | |a S'ha utilitzat el fons de l'Arxiu General de la Diputació de Barcelona | ||
| 610 | 2 | 0 | |a Catalunya. |b Mancomunitat |9 53015 |
| 650 | |a Biblioteques públiques |x Història |x Catalunya |x S. XX |9 40089 | ||
| 710 | 1 | |a Barcelona (Catalunya : Província). |b Diputació |9 52408 | |
| 901 | |a Arxiu | ||
| 942 | |n 1 | ||
| 952 | |0 0 |1 0 |4 0 |6 A2296 |7 1 |9 49409 |a Arxiu |b Arxiu |d 2016-12-01 |l 0 |o A-2-296 |p 19422 |r 2016-12-01 00:00:00 |w 2016-12-01 |y ARXIU | ||
| 999 | |c 53251 |d 53251 | ||